| 000 | 00406 a2200169 4500 | ||
|---|---|---|---|
| 003 | OSt | ||
| 005 | 20180116182723.0 | ||
| 008 | 160429b xxu||||| |||| 00| 0 eng d | ||
| 020 | _a9781844800834 | ||
| 040 | _c0 | ||
| 100 | _aJhon Thompson | ||
| 245 | _aStrategic management awareness and change | ||
| 250 | _a5th | ||
| 260 |
_aAustralia _c2005 |
||
| 300 | _a873 | ||
| 942 |
_aNBS _cBK _k658.4012 THO _2ddc |
||
| 999 |
_c344752 _d344752 |
||